Biện pháp đổi mới công tác quản lý giáo dục hướng nghiệp của Hiệu trưởng trường trung học phổ thông tỉnh Quảng Trị đáp ứng yêu cầu phát triển nguồn nhân lực ở địa phương

Cơ sở lý luận của công tác QLGDHN ở trường THPT. Thực trạng công tác QLGDHN trong các trường THPT tỉnh Quảng Trị. Đề xuất một số biện pháp đổi mới công tác QLGDHN của Hiệu trưởng trường THPT tỉnh Quảng Trị đáp ứng yêu cầu phát triển NNL ở địa phương....

Полное описание

Сохранить в:
Библиографические подробности
Главный автор: Trần Văn Hùng
Другие авторы: Trần Kiểm PGS.TS (Hướng dẫn)
Формат:
Язык:Vietnamese
Опубликовано: Đà Nẵng Đại học Đà Nẵng 2006
Предметы:
Метки: Добавить метку
Нет меток, Требуется 1-ая метка записи!
Thư viện lưu trữ: Mạng thư viện Đại học Đà Nẵng
LEADER 01849nam a2200349 4500
001 000010733
003 6947
005 20111220081214.0
008 111220s2006 viesd
041 |a vie 
072 |a Luận văn Thạc sĩ khoa học giáo dục 
082 |a 370.113  |b TR-H 
100 1 |a Trần Văn Hùng 
245 1 |a Biện pháp đổi mới công tác quản lý giáo dục hướng nghiệp của Hiệu trưởng trường trung học phổ thông tỉnh Quảng Trị đáp ứng yêu cầu phát triển nguồn nhân lực ở địa phương  |c Trần Văn Hùng 
260 |a Đà Nẵng  |b Đại học Đà Nẵng  |c 2006 
300 |a 102 tr.  |c 29 cm  |e 1 tóm tắt 
500 |a Luận văn Thạc sĩ Khoa học giáo dục. Chuyên ngành: Quản lý giáo dục. Mã số: 60.14.05 
520 |a Cơ sở lý luận của công tác QLGDHN ở trường THPT. Thực trạng công tác QLGDHN trong các trường THPT tỉnh Quảng Trị. Đề xuất một số biện pháp đổi mới công tác QLGDHN của Hiệu trưởng trường THPT tỉnh Quảng Trị đáp ứng yêu cầu phát triển NNL ở địa phương. 
653 |a Đội ngũ cán bộ QL và giáo viên 
653 |a Luận văn Thạc sĩ Khoa học giáo dục 
653 |a Tỉnh Quảng Trị 
700 1 |a Trần Kiểm  |c PGS.TS  |e Hướng dẫn 
OWN |a LSP 
AVA |a UDN50  |b LSP  |d 370.113 TR-H  |e available  |t Error 5001 Not defined in file expand_doc_bib_avail.  |f 1  |g 0  |h N  |i 0  |k 1 
999 |a From the UDN01 
AVA |a UDN50  |b LSP  |d 370.113 TR-H  |e available  |t Error 5001 Not defined in file expand_doc_bib_avail.  |f 1  |g 0  |h N  |i 0  |k 1 
TYP |a Monograph 
TYP |a Printed language 
980 |a Mạng thư viện Đại học Đà Nẵng